000 00196 a2200097 4500
020 _a9780545648981
041 _aspa
100 _aPJ Bracegirdle
245 _aLa difunta familia da̕z
942 _cBK
999 _c29202
_d29200